Sickness in industries : causes and cures : with special reference to sickness in public enterprises (Record no. 348575)

000 -LEADER
fixed length control field 00488cam a22001337a 4500
008 - FIXED-LENGTH DATA ELEMENTS--GENERAL INFORMATION
fixed length control field 180718b1987 xxu||||| |||| 00| 0 eng d
082 ## - DEWEY DECIMAL CLASSIFICATION NUMBER
Classification number U6x54 M277
245 ## - TITLE STATEMENT
Title Sickness in industries : causes and cures : with special reference to sickness in public enterprises
Statement of responsibility, etc. edited by Y.S. Mahajan and M.R. Virmani
260 ## - PUBLICATION, DISTRIBUTION, ETC.
Place of publication, distribution, etc. New Delhi
Name of publisher, distributor, etc. Centre for Public Sector Studies
Date of publication, distribution, etc. 1987
300 ## - PHYSICAL DESCRIPTION
Extent 278p.
650 ## - SUBJECT ADDED ENTRY--TOPICAL TERM
Topical term or geographic name entry element Government enterprise - India
700 ## - ADDED ENTRY--PERSONAL NAME
Personal name Virmani, M.R.
700 ## - ADDED ENTRY--PERSONAL NAME
Personal name Mahajan, Y.S.
Holdings
Withdrawn status Lost status Damaged status Not for loan Permanent Location Current Location Date acquired Full call number Barcode Date last seen Price effective from Koha item type
        Indian Institute of Public Administration Indian Institute of Public Administration 1993-10-26 U6x54 M277 63542 2018-07-21 2018-07-21 Book

Powered by Koha